Statistical Methods (Record no. 1325)

MARC details
000 -LEADER
fixed length control field 00396nam a22001697a 4500
005 - DATE AND TIME OF LATEST TRANSACTION
control field 20160521143339.0
008 - FIXED-LENGTH DATA ELEMENTS--GENERAL INFORMATION
fixed length control field 160521b xxu||||| |||| 00| 0 eng d
020 ## - INTERNATIONAL STANDARD BOOK NUMBER
ISBN 81-8054-668-3
041 ## - LANGUAGE CODE
Language code of text/sound track or separate title eng
082 ## - DEWEY DECIMAL CLASSIFICATION NUMBER
Item number 3826
100 ## - MAIN ENTRY--AUTHOR NAME
Personal name S.P. Gupta
245 ## - TITLE STATEMENT
Title Statistical Methods
260 ## - PUBLICATION, DISTRIBUTION, ETC. (IMPRINT)
Place of publication New Delhi
Name of publisher Sultan Chand & Sons,
300 ## - PHYSICAL DESCRIPTION
Number of Pages 1463
650 ## - SUBJECT ADDED ENTRY--TOPICAL TERM
Topical Term Management
942 ## - ADDED ENTRY ELEMENTS (KOHA)
Koha item type Books
Holdings
Lost status Damaged status Collection code Home library Current library Shelving location Date acquired Cost, normal purchase price Full call number Accession Number Koha item type Source of acquisition
    MANAGEMENT JRU Library JRU Library SHELF-74-A 21/05/2016 400.00 3826 3826 Books  
      JRU Library   SHELF-74-B 21/05/2016 400.00 3826 3827 Books  
    MANAGEMENT JRU Library JRU Library SHELF-74-A 21/05/2016 400.00 3826 3828 Books PURCHASE
    MANAGEMENT JRU Library JRU Library SHELF-74-A 21/05/2016 400.00 3826 3829 Books